書目識別號
61718
書目型態
西文機讀編目格式-圖書(USMARC Bibliographic Format-Book)
書目參考 URL
欄號/指標/分欄資料
035 $a0000000024 003 OCoLC 005 19960618103056.0 010 $a 92048384 015 $aGB94-2730 019 $a27226600$a28671113 020 $a0124802826 (acid-free paper) 040 $aDNLM/DLC$cDLC$dTMV$dNLM$dUKM$dAGL 05000$aQP551$b.P648 1993 0600 $aQU 55$bP8948 1993 0690 $a9300244 0700 $aQP551.P648$b1993 072 0$aL600 08200$a574.19/245$220 24502$aA Practical guide to protein and peptide purification for microsequencing /$cedited by Paul Matsudaira. 250 $a2nd ed. 260 $aSan Diego :$bAcademic Press,$cc1993. 300 $axx, 184 p. :$bill. ;$c23 cm. 504 $aIncludes bibliographical references (p. 159-184). 5050 $aIntroduction / Paul Matsudaira -- Strategies for obtaining partial amino acid sequence data from small quantities (<500 pmol) of pure or partially purified protein / Harry Charbonneau -- Enzymatic digestion of proteins and HPLC peptide isolation / Kathryn L. Stone and Kenneth R. Willaims -- Purification of proteins and peptides by SDS-PAGE / Nancy LeGendre ... [et al.] -- Internal amino acid sequence analysis of proteins after in situ protease digestion on nitrocellulose / Ruedi Aebersold -- Mass spectrometric strategies for the structural characterization of proteins / Hubert A. Scoble ... [et al.]. 650 0$aProteins$xPurification. 650 0$aPeptides$xPurification. 650 0$aAmino acid sequence. 650 2$aAmino Acid Sequence. 650 2$aPeptides$xisolation & purification. 650 2$aProteins$xisolation & purification. 7001 $aMatsudaira, Paul T. 095 $pBOOK$dQU55$eP895$y1993
|
系統首頁
|
慈濟志業體圖書館館藏查詢系統(Library Catalog)
|
個人資料查詢(View Your Record)
|
新書通報(New Book Arrival)
|
指定參考書查詢(Course Reserves)
|
讀者意見(Suggestion)
|
|
讀者回覆(Reply)
|
推薦書刊(Purchase Request)
|
分類號查詢(Search By Classification Number)
|